<The> smart guide to service innovation how to better capitalise on service innovation for regional structural change and industrial modernisation

Saved in:
Bibliographic Details
Corporate Author: European Commission
Format: Book
Language:English
Published: Luxembourg Office for Official Publications of the European Union 2012
Series:How to support SME policy from structural funds 4
Subjects:
Tags: Add Tag
No Tags, Be the first to tag this record!

MARC

LEADER 00000nam a2200000 4500
001 0193849
005 20240313133515.9
020 |a 978-92-79-26011-7 
041 0 |a eng 
044 |a LU 
245 1 0 |a <The> smart guide to service innovation  |b how to better capitalise on service innovation for regional structural change and industrial modernisation 
264 1 |a Luxembourg  |b Office for Official Publications of the European Union  |c 2012 
300 |a 42 s. 
490 1 |a How to support SME policy from structural funds  |v 4 
830 0 |a How to support SME policy from structural funds  |v 4 
610 2 0 |a inovácia 
610 2 0 |a modernizácia 
610 2 0 |a manažment inovačný 
610 2 0 |a rozvoj regionálny 
610 2 0 |a fondy štruktúrne 
610 2 0 |a podnik malý 
610 2 0 |a podnik stredný 
710 2 |a European Commission